000 00874nmm a2200277 a 4500
001 ocm000579575
003 TR-IsHL
005 20201028121119.0
008 130705s2005 tu tur
007 cr cn
020 _a9789756174357
035 _a579575
_b(N$T)
050 0 4 _aPL248.U88
_bK36 2005
090 0 4 _aPL248.U88
_bK36 2005
100 1 _aÜstün, Hulusi
245 1 0 _aKanatlı süvarinin hatıraları: Çerkes öyküleri
_h[electronic resource] /
_cHulusi Üstün
250 _a1. bs.
260 _aİstanbul :
_bAkis Kitap,
_c2005
300 _a160 p.
650 4 _aDil ve Edebiyat
650 4 _aLanguage and Literature
650 0 _aTürk hikayeleri
650 0 _aTurkish story
650 7 _aLITERARY COLLECTIONS / Middle Eastern
_2bisacsh
856 4 0 _uhttp://search.ebscohost.com/login.aspx?direct=true&scope=site&db=e011xww&AN=579575
999 _c1150
_d1150